000 00886pam a2200253 a 4500
999 _c41439
_d41439
001 1878681
003 OSt
005 20220106151421.0
008 831021s1984 iluaf b 001 0 eng
010 _a 83018039
020 _a0398049351
040 _aDLC
_cDLC
_dDLC
050 0 0 _aHV8073
_b.B73 1984
082 0 0 _a363.2562
_219
_bBRU/F
100 1 _aBrunelle, Richard L.
_99006
245 1 0 _aForensic examination of ink and paper /
_cby Richard L. Brunelle and Robert W. Reed.
260 _aSpringfield, Ill., U.S.A. :
_bC.C. Thomas,
_cc1984.
300 _axii, 289 p., [1] leaf of plates :
_bill. (some col.) ;
_c26 cm.
504 _aIncludes bibliographies and indexes.
650 0 _aChemistry, Forensic.
700 1 _aReed, Robert W.
_99007
906 _a7
_bcbc
_corignew
_d1
_eocip
_f19
_gy-gencatlg
942 _2ddc
_cBK
_h363.2562
_iBRU/F
_k363.2562
_mBRU/F